000 01735nam a2200313 a 4500
001 BRCA_3101
005 20190320204118.0
008 280109s1846----fr-a---###---#000-0#fre-u
041 _afre
044 _afr
084 _a412
_b.D53
_c1846
100 1 _aCervantes Saavedra, Miguel de
_d1547-1616
_9213
245 1 0 _aHistoire de Don Quichotte de la Manche
_cpar Miguel de Cervantes Saavedra.
260 _aParís
_bDidier
_c1846
300 _axxiv, 635 p.
_bil. (en color sepia)
_c25 cm.
500 _aContenido : Primera parte. Advertencia del traductor. Elogio de Cervantes por J. Mor de Fuentes. Prólogo dl autor. Texto. Segunda parte. Dedicatoria del autor. Prólogo del autor
500 _aEdición : Traduite sur le texte original et d´aprés ñes traductions comparées de Oudin et Rosset, Filleau de Saint-Martin, Florian, Bouchon, Dubornial, Delaunay et L. Viardot, par F. de Brotonne conservateur de la Bibliothéque de Sainte-Geneviéve
500 _aReproducción de la edición publicada por Lefevre en 1837, pero añadido el Elogio de Cervantes escrito por J. Mor de Fuentes. Como, además, Brotonne tuvo a la vista y se aprovechó de la versión y notas de Viardot, esta traducción aventaja a su modelo. Tela; planos y lomo decorados con dorados Lúdovik Osterc
500 _aQM333A(?)
546 _aTexto en : francés
650 1 4 _aNovela española
_yÉpoca clásica, 1500-1700
_9215
650 1 4 _aLiteratura española
_yÉpoca clásica, 1500-1700
_9216
650 1 4 _aNovela española
_ySiglo XVII
_9217
650 1 4 _aDon Quijote (Personaje ficticio)
_eNovela
_9218
700 1 _aBrotonne, F.
_eTraductor
_98452
740 0 _aEl Ingenioso Hidalgo Don Quijote de la Mancha
902 _aQFM
942 _2lcc
_cB
999 _c2837
_d2837